Možnosti využitia MS Excel pri operatívnom sledovaní kvality výrobného procesu

Náčrt spôsobu využitia MS Excel na ukladanie súborov ako web súbory pri operatívnom riadení a hodnotení kvality výrobného procesu. Regulačný graf. Dve možnosti hodnotenia regulovaných hodnôt.

Gespeichert in:
Bibliographische Detailangaben
1. Verfasser: Hrehová, Stella
Format: Buchkapitel
Sprache:Slowakisch
Schlagworte:
Tags: Tag hinzufügen
Keine Tags, Fügen Sie das erste Tag hinzu!

MARC

LEADER 00000naa$a2200000$$$4500
001 0085732
005 20220715093757.3
041 0 |a slo 
044 |a SK 
245 1 0 |a Možnosti využitia MS Excel pri operatívnom sledovaní kvality výrobného procesu  |c Stella Hrehová 
520 |a Náčrt spôsobu využitia MS Excel na ukladanie súborov ako web súbory pri operatívnom riadení a hodnotení kvality výrobného procesu. Regulačný graf. Dve možnosti hodnotenia regulovaných hodnôt. 
610 2 0 |a riadenie kvality 
610 2 0 |a kontrola kvality 
610 2 0 |a diagramy regulačné 
610 2 0 |a experimenty 
610 2 0 |a znaky štatistické 
610 2 0 |a indexy 
610 2 0 |a kvalita výrobkov 
610 2 0 |a štatistika podniková 
100 1 |a Hrehová, Stella